|
|
|
|
| LEADER |
00000nam2a2200000 4500 |
| 001 |
200040 |
| 005 |
20231031184525.0 |
| 020 |
|
|
|a RU
|b 91-9363ж
|
| 035 |
|
|
|a (RuTPU)RU\TPU\book\218101
|
| 090 |
|
|
|a 200040
|
| 100 |
|
|
|a 20110831d1990 k y0rusy5003 ca
|
| 101 |
0 |
|
|a rus
|
| 102 |
|
|
|a UA
|
| 105 |
|
|
|a a z 001zy
|
| 200 |
0 |
|
|a Вып. 51
|f отв. ред. С. И. Богомолов
|
| 210 |
|
|
|a Харьков
|c Основа
|d 1990
|
| 215 |
|
|
|a 132 с.
|c ил.
|
| 320 |
|
|
|a Библиография в конце статей
|
| 461 |
|
1 |
|0 (RuTPU)RU\TPU\book\160090
|t Динамика и прочность машин
|o республиканский межведомственный научно-технический сборник
|f Харьковский политехнический институт (ХПИ)
|v Вып. 51
|d 1965-1991
|
| 610 |
1 |
|
|a машины
|
| 610 |
1 |
|
|a динамика
|
| 610 |
1 |
|
|a прочность
|
| 610 |
1 |
|
|a надежность
|
| 610 |
1 |
|
|a изгиб пластин
|
| 610 |
1 |
|
|a ползучесть
|
| 610 |
1 |
|
|a термоупругость
|
| 610 |
1 |
|
|a вибрационная диагностика
|
| 610 |
1 |
|
|a турбомашины
|
| 610 |
1 |
|
|a турбоагрегаты
|
| 610 |
1 |
|
|a коленчатые валы
|
| 610 |
1 |
|
|a исследования
|
| 675 |
|
|
|a 621.01:[531.3+539.4]
|v 3
|
| 702 |
|
1 |
|a Богомолов
|b С. И.
|g Сергей Иванович
|4 340
|
| 801 |
|
0 |
|a RU
|b RuMRKP
|c 19950417
|g psbo
|
| 801 |
|
1 |
|a RU
|b 63413507
|c 20110831
|
| 801 |
|
2 |
|a RU
|b 63413507
|c 20151212
|g RCR
|
| 942 |
|
|
|c BK
|